A box full of spirits : adventures of a film-maker in Africa /

محفوظ في:

المؤلف الرئيسي: Woodhead, Leslie, 1937- (مؤلف)

التنسيق: كتاب

اللغة: English

منشور في: London : Heinemann, 1987.

الموضوعات:

الوسوم: إضافة وسم

لا توجد وسوم, كن أول من يضع وسما على هذه التسجيلة!

رقم الطلب: DT380.4 .M85 W66 1987

LEADER 00979nam a22002777a 4500
003 OSt
005 20260420184225.0
008 260420t1987 enkaf 000 0 eng d
010 |a 88117769 
020 |a 0434877905 
020 |a 0434877883 
040 |c ARCE Library 
043 |a f-et--- 
050 1 4 |a DT380.4 .M85  |b W66 1987 
100 1 |a Woodhead, Leslie,  |d 1937-  |e author 
245 1 2 |a A box full of spirits :  |b adventures of a film-maker in Africa /  |c Leslie Woodhead. 
264 1 |a London :   |b Heinemann,   |c 1987. 
300 |a 245 pages , [16] pages of plates :  |b illustrations ;  |c 24 cm. 
500 |a Maps on lining papers. 
650 0 |a Murzu (African people)  |x Social life and customs.  |9 8157 
650 0 |a Motion pictures in ethnology  |z Omo River Valley (Ethiopia and Kenya) 
650 0 |a Motion pictures in ethnology  |z Ethiopia. 
651 0 |a Omo River Valley (Ethiopia and Kenya)  |x Social life and customs.  |9 18219 
901 |a reviewed 
942 |c BK  |2 lcc 
999 |c 15066  |d 15066